Legislación española / (Record no. 69129)

MARC details
000 -LEADER
campo de control de longitud fija 01132nam a2200241 i 4500
001 - NÚMERO DE CONTROL
campo de control 69129
003 - IDENTIFICADOR DE NÚMERO DE CONTROL
campo de control ES-MaACL
005 - FECHA Y HORA DE LA ÚLTIMA TRANSACCIÓN
campo de control 20250827062613.0
007 - CAMPO FIJO DE DESCRIPCIÓN FÍSICA--INFORMACIÓN GENERAL
campo de control de longitud fija t|
008 - DATOS DE LONGITUD FIJA--INFORMACIÓN GENERAL
campo de control de longitud fija 040914m19361939sp ||||1| spa d
110 1# - ENTRADA PRINCIPAL--NOMBRE DE ENTIDAD CORPORATIVA
Nombre de entidad corporativa o nombre de jurisdicción como elemento de entrada España
9 (RLIN) 3622
240 00 - TÍTULO UNIFORME
Título uniforme Leyes, etc.
245 10 - MENCIÓN DEL TÍTULO
Título Legislación española /
Mención de responsabilidad, etc. recopilación hecha por Luis Gabilán Plá y Wenceslao D. Alcahud.
260 ## - PUBLICACIÓN, DISTRIBUCIÓN, ETC.
Lugar de publicación, distribución, etc. San Sebastián :
Nombre del editor, distribuidor, etc. [s.n.],
Fecha de publicación, distribución, etc. 1936-1939 (
Lugar de fabricación/manufactura Avila :
Fabricante Tip. Senén Martín)
300 ## - DESCRIPCIÓN FÍSICA
Extensión 8 v. ;
Dimensiones 25 cm.
500 ## - NOTA GENERAL
Nota general Los volúmenes 2 al 8 están impresos en Pasajes : Artes Gráficas.
505 8# - NOTA DE CONTENIDO CON FORMATO
Nota de contenido con formato Contiene: I. 18 julio 1936 - 1º agosto 1937 -- II- 1º agosto 1937 - 1º octubre 1937 -- III. 1º octubre 1937 - 1º febrero 1938 -- IV. 1º febrero 1938 - 1º junio 1938 -- V. 1º junio 1938 - 1º febrero 1939 -- VI. 1º febrero 1939 - 1º abril 1939 -- VII. 1º abril 1939 - 1º julio 1939 -- VIII. 1º julio 1939 - 1º octubre 1939
650 #7 - PUNTO DE ACCESO ADICIONAL DE MATERIA--TÉRMINO DE MATERIA
Término de materia o nombre geográfico como elemento de entrada Derecho-
Subdivisión geográfica España
Fuente del encabezamiento o término
9 (RLIN) 141531
700 1# - ENTRADA AGREGADA--NOMBRE PERSONAL
Nombre de persona Gabilán Plá, Luis.
9 (RLIN) 53134
700 1# - ENTRADA AGREGADA--NOMBRE PERSONAL
Nombre de persona Alcahud, Wenceslao D.
9 (RLIN) 19438
852 ## - LOCALIZACIÓN
Ubicación ES-MaACL
Número de control de estantería P-845
Sublocalización o colección R.16858
Holdings
Estatus retirado Estado de pérdida Estado de daño No para préstamo Biblioteca de origen Biblioteca actual Ubicación en estantería Fecha de adquisición Fuente de adquisición Total de préstamos Signatura topográfica completa Código de barras Visto por última vez Precio de reemplazo Tipo de ítem Koha
        Biblioteca del Ateneo de Madrid Biblioteca del Ateneo de Madrid Depósito 2 17/01/2008     P-845 1072388 23/02/2023 23/02/2023 Libro impreso